000 00749nam a2200205 a 4500
001 0690
005 20140414132143.0
008 040927s19uu xx 00 eng d
020 _a0-978-0-439-04590-8
050 _aKIT (LCER) 616.02'52
_bC16 1999
100 _aCanizares, Susan
245 _aFirst aid /
_cSusan Canizares, Pamela Chanko.
260 _aNew York :
_bScholastic,
_c1999.
300 _a1 v. (unp.) : ill. ; cm.
440 _aLearning center emergent readers
520 _aPhotographs and simple text explore different aspects of first aid, including cleaning, bandaging, and the administration of medicine and a hug.
650 _aFirst aid in illness and injury
_xJuvenile literature.
999 _c115382
_d115382